000 00755cam a2200229 4500
005 20260322212019.0
008 data
010 _a 78075223
040 _aDLC
_cDLC
_dDLC
050 0 0 _aQL731
_b.L4
082 0 0 _a599/.09/676
092 _a599.09 L4 1969
100 1 _aLeakey, L. S. B.
_d1903-1972.
_q(Louis Seymour Bazett),
245 1 0 _aAnimals of East Africa :
_bthe wild realm /
_cL. S. B. Leakey & National Geographic Society (U.S.).
260 _aWashington,
_bNational Geographic Society
_c[1969]
300 _a199 p.
_bcol. illus., col. map, col. ports.
_c27 cm.
500 _aRelated National Geographic articles: p. 197.
650 0 _aMammals
_zAfrica, East.
710 2 _aNational Geographic Society (U.S.)
740 0 _aWild realm.
001 data
999 _c425
_d425